000 01041nam a22002537a 4500
005 20100818162151.0
010 _aENG-100739
020 _c735.00
_a8173814414
020 _c735.00
_a9788173814419
035 _aEN-84272
037 _bDBAD/PUB
082 _a547
100 _aGhosh, Sachin Kumar
_915013
245 _aAdvanced general organic chemistry :
_cby Sachin Kumar Ghosh
_ba modern approach /
250 _a3rd.rev.ed
260 _aNew Delhi
_bNew Central Book Agency
_c2009
270 _bNew Delhi
_a4262/3 1st Floor, Flat Nos.105 &106, Ansari Road, Daryaganj
_e110002
300 _axv, 1813p.
_c24cm (pbk)
500 _aincludes index
505 _aPt.2- General chemistry of hydrocarbons, heterocycles (with one heteroatom)functional groups, planning A synthesis, amino acids, peptides, protiens, nucleic acids and carbohydrates
650 _aChemistry
_915014
942 _2ddc
_cEN
_h547
_mGHO
999 _c42500
_d42500